000 00736nam a22001337a 4500
040 _cRUA
082 _aRUB LAN 2018 B662 Or.1
100 _aLANN SOKHET ឡាន់ សុខខេត​
245 _agrowth and yield comp arison of 08 rubber clones in trial ir.aa.07 at camodian rubber research intitute ប្រៀបធៀបការលូតលាស់ និងទិន្នផលនៃក្លូនកៅស៊ូចំនួន ០៨ ក្នងឡូត៍ពិសោធន៍ក្លូន ir.aa.07នៅវទ្យាស្ថានស្រាវជ្រាវកៅស៊ូតកម្ពុជា​
260 _arua
_bphnom penh
300 _axiii,72
_bill,
_c29cm
856 _uLANN SOKHET
942 _cRUB
999 _c19112
_d19112